[Event "ch-PER 2017"]
[Site "Lima PER"]
[Date "2017.03.05"]
[Round "8.6"]
[White "Delgado Romero, Marco"]
[Black "Cori T., D."]
[Result "0-1"]
[WhiteElo "2186"]
[BlackElo "2422"]
[PlyCount "92"]
[EventDate "2017.03.01"]
[EventType "swiss"]
[EventRounds "9"]
[EventCountry "PER"]
[SourceDate "2017.03.13"]
[WhiteTeamCountry "IND"]
[BlackTeamCountry "CHN"]

1. e4 e6 2. d4 a6 3. Nf3 c5 4. Nc3 b5 5. Be3 Bb7 6. dxc5 Nf6 7. Bd3 Ng4 8. Qe2
Nxe3 9. Qxe3 b4 10. Na4 Qa5 11. Nb6 Bxc5 12. Nc4 Qc7 13. Qg5 O-O 14. O-O-O f6
15. Qh4 a5 16. Rhg1 a4 17. Kb1 g6 18. e5 Qd8 19. Qg3 Qe7 20. h4 Qg7 21. Rh1
fxe5 22. Ncxe5 d6 23. h5 Bxf3 24. Nxf3 a3 25. c3 bxc3 26. Bc2 axb2 27. Qg4 Rf6
28. hxg6 h6 29. Ng5 Rxg6 30. Qe4 Rxa2 31. Kxa2 Rxg5 32. Qxe6+ Qf7 33. Bb3 Qxe6
34. Bxe6+ Kg7 35. g4 Nc6 36. Bf5 Bd4 37. Kb3 Be5 38. Kc2 Nb4+ 39. Kb3 Rxf5 40.
gxf5 c2 41. Rdg1+ Kf7 42. Kxb4 Bf4 43. Kc4 c1=Q+ 44. Rxc1 bxc1=Q+ 45. Rxc1 Bxc1
46. Kd5 Kf6 0-1

[Event "CHN Team Men 2017"]
[Site "Beijing CHN"]
[Date "2017.06.09"]
[Round "4.5"]
[White "Lin, Yi"]
[Black "Xu, Xiangyu"]
[Result "1/2-1/2"]
[WhiteElo "2392"]
[BlackElo "2536"]
[PlyCount "136"]
[EventDate "2017.06.06"]
[EventType "team"]
[EventRounds "9"]
[EventCountry "CHN"]
[WhiteTeam "Shenzhen"]
[BlackTeam "Chengdu"]

1. d4 a6 2. e4 e6 3. Nf3 d5 4. exd5 exd5 5. Bd3 Nc6 6. c3 Bd6 7. O-O Nge7 8.
Re1 O-O 9. Qc2 h6 10. Nbd2 Be6 11. Nf1 Qd7 12. Bd2 Bf5 13. Ng3 Bxg3 14. hxg3
Bxd3 15. Qxd3 Ng6 16. Re2 Rfe8 17. Rae1 Rxe2 18. Rxe2 Re8 19. Rxe8+ Qxe8 20.
Nh4 Nce7 21. b3 Qd7 22. Nxg6 Nxg6 23. f3 Nf8 24. Kf2 Ne6 25. Bc1 Qc6 26. Bd2
Qb6 27. Be3 Qa5 28. Qc2 h5 29. Qb2 Kf8 30. Bc1 Ke8 31. Be3 Kd7 32. Qc2 g6 33.
Bd2 c6 34. Be3 Qd8 35. Bc1 h4 36. Qe2 hxg3+ 37. Kxg3 Qa5 38. Qc2 b5 39. Be3 Ng7
40. Kf2 Nf5 41. Qd2 Qa3 42. g4 Ng7 43. Qc2 a5 44. Kg2 Ne6 45. Bc1 Qe7 46. a3
Nc7 47. Qd2 a4 48. b4 Ne6 49. Qe3 Qf8 50. Qe5 f6 51. Qh2 Qg8 52. Bf4 Ke7 53.
Bg3 g5 54. Qh1 Qg6 55. Qd1 Kf7 56. Kf2 f5 57. gxf5 Qxf5 58. Kg2 Ng7 59. Qe2 Qe6
60. Kf2 Nf5 61. Qxe6+ Kxe6 62. Bh2 Kf7 63. Ke2 Kg6 64. Bg1 Kh5 65. Be3 Nxe3 66.
Kxe3 Kh4 67. Kf2 Kh3 68. f4 Kg4 1/2-1/2

[Event "2nd Stars Cup Blitz 2017"]
[Site "Bandar-e Anzali IRI"]
[Date "2017.07.11"]
[Round "7.6"]
[White "Wen Yang"]
[Black "Tabatabaei, M."]
[Result "0-1"]
[WhiteElo "2617"]
[BlackElo "2509"]
[PlyCount "132"]
[EventDate "2017.07.11"]
[EventType "team (blitz)"]
[EventRounds "7"]
[EventCountry "IRI"]
[WhiteTeam "World Stars"]
[BlackTeam "Iran Stars"]

1. Nf3 a6 2. e4 e6 3. d4 d5 4. exd5 exd5 5. Bd3 Nf6 6. O-O Be7 7. Ne5 O-O 8.
Bf4 Nbd7 9. Nc3 c6 10. Re1 Nxe5 11. dxe5 Ne8 12. Qh5 g6 13. Qf3 Ng7 14. Rad1
Bf5 15. Bh6 Bxd3 16. Qxd3 Re8 17. Ne2 Nf5 18. Bc1 Bf8 19. f4 h5 20. Kh1 Qd7 21.
c4 Rad8 22. cxd5 cxd5 23. Nc3 d4 24. Ne4 Be7 25. Qb3 Qd5 26. Qxd5 Rxd5 27. Bd2
d3 28. Rc1 Red8 29. Rc7 R5d7 30. Rc3 Kf8 31. a3 Ng7 32. Kg1 Ne6 33. Kf2 Rc7 34.
Rec1 Rcd7 35. g3 Rd4 36. Ke3 Ng7 37. h3 Nf5+ 38. Kf3 Rxe4 39. Kxe4 Nxg3+ 40.
Kf3 Ne2 41. Ke3 Nxc1 42. Bxc1 f6 43. Rc7 fxe5 44. Bd2 exf4+ 45. Ke4 g5 46. Rxb7
Bc5 47. h4 Be3 48. Bb4+ Kg8 49. hxg5 d2 50. Bxd2 Bxd2 51. Ra7 Re8+ 52. Kf3 Re3+
53. Kf2 Rb3 54. Rxa6 h4 55. Rh6 h3 56. Ke2 Bc1 57. Rc6 Rxb2+ 58. Kf3 Be3 59.
Rh6 h2 60. Ke4 Rg2 61. a4 Kg7 62. a5 Rxg5 63. Rxh2 Rxa5 64. Rb2 Kf6 65. Rb6+
Kg5 66. Kf3 Bxb6 0-1

[Event "ch-SRB semi-final 2018"]
[Site "Zrenjanin SRB"]
[Date "2018.02.21"]
[Round "8.7"]
[White "Velikic, A."]
[Black "Drazic, S."]
[Result "1/2-1/2"]
[WhiteElo "2235"]
[BlackElo "2411"]
[PlyCount "110"]
[EventDate "2018.02.16"]
[EventType "swiss"]
[EventRounds "9"]
[EventCountry "SRB"]

1. e4 a6 2. Nf3 e6 3. d4 d5 4. Nbd2 c5 5. exd5 exd5 6. dxc5 Bxc5 7. Nb3 Bb6 8.
Bd3 Nc6 9. O-O Nge7 10. Re1 O-O 11. c3 h6 12. Be3 Bg4 13. Bxb6 Qxb6 14. Bc2
Rfe8 15. Qd3 Bf5 16. Qd2 Bxc2 17. Qxc2 Ng6 18. Qd2 Qb5 19. Nbd4 Qa4 20. b3 Qa3
21. Nf5 Rad8 22. Rad1 Re5 23. Ng3 Rxe1+ 24. Rxe1 a5 25. Nf5 Qc5 26. h4 Nce7 27.
Nxe7+ Nxe7 28. Qd4 Qc7 29. Qe5 Qxe5 30. Rxe5 Nc6 31. Re3 f6 32. Kf1 Kf7 33. Ke2
h5 34. g3 a4 35. Nd4 axb3 36. axb3 Ne5 37. f4 Nd7 38. Nf5 Kf8 39. Nd4 Rc8 40.
Nb5 Nc5 41. b4 Ne4 42. Rd3 Ke7 43. Kf3 Ke6 44. Nd4+ Kf7 45. Nb5 Ke6 46. Nd4+
Kf7 47. Nb5 g6 48. Rxd5 Nxc3 49. Rd7+ Ke6 50. Rxb7 Nxb5 51. Rxb5 Rc3+ 52. Kf2
Rb3 53. Kg2 Rb2+ 54. Kf3 Rb3+ 55. Kg2 Rb2+ 1/2-1/2

[Event "18th BCC Open 2018"]
[Site "Cha-Am THA"]
[Date "2018.04.14"]
[Round "2.29"]
[White "Wiwatanadate, P."]
[Black "Nie, Xinyang"]
[Result "0-1"]
[WhiteElo "2053"]
[BlackElo "2334"]
[PlyCount "56"]
[EventDate "2018.04.13"]
[EventType "swiss"]
[EventRounds "9"]
[EventCountry "THA"]

1. e4 e6 2. d4 a6 3. Nf3 d5 4. Nbd2 Nf6 5. Bd3 c5 6. e5 Nfd7 7. c3 Nc6 8. O-O
g5 9. g3 g4 10. Nh4 h5 11. f3 cxd4 12. cxd4 Nxd4 13. fxg4 Nxe5 14. Qa4+ Ndc6
15. Qf4 Bh6 16. Qf2 Qe7 17. Be2 hxg4 18. Nb3 Bg5 19. Bxg5 Qxg5 20. Nd4 Bd7 21.
Rac1 Qg7 22. Nc2 Ng6 23. Ng2 f5 24. Qb6 Qh7 25. Qxb7 Rb8 26. Qc7 Qxh2+ 27. Kf2
f4 28. gxf4 Nxf4 0-1

[Event "TCh-AUT 2nd Ost 2017-18"]
[Site "Austria AUT"]
[Date "2018.04.08"]
[Round "11.2"]
[White "Penz, H."]
[Black "Schroll, G."]
[Result "1/2-1/2"]
[WhiteElo "2308"]
[BlackElo "2298"]
[PlyCount "67"]
[EventDate "2017.10.21"]
[EventType "team"]
[EventRounds "11"]
[EventCountry "AUT"]
[WhiteTeam "SK Hietzing"]
[BlackTeam "ASVO Mattersburg"]

1. e4 e6 2. d4 a6 3. Nf3 d5 4. exd5 exd5 5. Bd3 Nf6 6. O-O Be7 7. Bf4 O-O 8.
Nbd2 Nbd7 9. Re1 Re8 10. Rc1 c5 11. c4 cxd4 12. Nxd4 Nc5 13. Bb1 Ne6 14. Be3
dxc4 15. Nxc4 Bb4 16. Rf1 Nxd4 17. Qxd4 Qxd4 18. Bxd4 Be6 19. a3 Be7 20. Ne3
Rac8 21. Nf5 Bf8 22. Ne3 Rxc1 23. Rxc1 Rc8 24. Rxc8 Bxc8 25. Bxf6 gxf6 26. Nf5
Bxf5 27. Bxf5 a5 28. Kf1 Bd6 29. a4 h6 30. Ke2 b6 31. b3 Kf8 32. Kf3 Bc5 33.
Ke2 Bd6 34. Kf3 1/2-1/2

[Event "18th BCC Open 2018"]
[Site "Cha-Am THA"]
[Date "2018.04.18"]
[Round "6.6"]
[White "Krysa, L."]
[Black "Nie, Xinyang"]
[Result "1/2-1/2"]
[WhiteElo "2543"]
[BlackElo "2334"]
[PlyCount "53"]
[EventDate "2018.04.13"]
[EventType "swiss"]
[EventRounds "9"]
[EventCountry "THA"]

1. d4 a6 2. e4 e6 3. Nf3 d5 4. e5 c5 5. c3 Nc6 6. Bd3 Nge7 7. h4 cxd4 8. cxd4
Nf5 9. Bc2 Qb6 10. Bxf5 exf5 11. O-O h6 12. Nc3 Be6 13. Na4 Qd8 14. Bd2 b5 15.
Rc1 bxa4 16. Qxa4 Bd7 17. e6 fxe6 18. Rxc6 Bd6 19. Re1 O-O 20. Rxd6 Bxa4 21.
Rxd8 Rfxd8 22. Rxe6 Re8 23. Rxe8+ Rxe8 24. Ne5 Rc8 25. Bc3 g5 26. g3 Bb5 27. f3
1/2-1/2

[Event "11th Paleochora Open 2018"]
[Site "Paleochora GRE"]
[Date "2018.07.23"]
[Round "7.28"]
[White "Patrelakis, Evaggelos"]
[Black "Petrakis, Stylianos"]
[Result "1/2-1/2"]
[WhiteElo "2285"]
[BlackElo "2024"]
[PlyCount "138"]
[EventDate "2018.07.18"]
[EventType "swiss"]
[EventRounds "9"]
[EventCountry "GRE"]

1. d4 a6 2. e4 e6 3. Nf3 d5 4. exd5 exd5 5. Bd3 c5 6. dxc5 Bxc5 7. h3 Nf6 8.
O-O O-O 9. Nbd2 Be6 10. Nb3 Ba7 11. Bg5 h6 12. Bh4 Nbd7 13. Nbd4 Qb6 14. Rb1
Ne4 15. Nxe6 fxe6 16. Bxe4 dxe4 17. Nd2 Ne5 18. Bg3 Rad8 19. Qe2 e3 20. Ne4 Qc6
21. f3 Nc4 22. Rfd1 Nd2 23. Nxd2 Qxc2 24. Kh2 Rxd2 25. Rxd2 exd2 26. Rd1 Be3
27. Rf1 Qc5 28. Qd3 Qb6 29. Rd1 Rd8 30. Qg6 Bd4 31. Bf4 e5 32. Qxb6 Bxb6 33.
Bxe5 Ba5 34. Bc3 Bxc3 35. bxc3 b5 36. Kg3 Rd3 37. Kf4 Kf7 38. Ke4 Rxc3 39. Rxd2
Ra3 40. Rb2 Ke6 41. Rd2 g5 42. Kd4 h5 43. Ke4 h4 44. Kd4 Kf5 45. Kc5 Ra4 46.
Re2 Kf4 47. Kb6 Kg3 48. Kc5 Kh2 49. Rb2 Kg1 50. Kd5 Kf1 51. Ke5 Rf4 52. Rc2 b4
53. Kd5 a5 54. Kc5 a4 55. Rb2 b3 56. axb3 axb3 57. Kd5 Kg1 58. Ke5 Rb4 59. Kf5
Rb5+ 60. Ke4 Ra5 61. Rxb3 Kxg2 62. Rc3 Kh2 63. Rb3 Ra2 64. f4 gxf4 65. Kxf4 Rg2
66. Ra3 Rg3 67. Ra1 Rb3 68. Kg4 Rb4+ 69. Kf3 Rb3+ 1/2-1/2

[Event "4th IIFL Wealth Mumbai Op"]
[Site "Mumbai IND"]
[Date "2019.01.06"]
[Round "8.10"]
[White "Sammed Jaykumar,Shete"]
[Black "Deepan,C"]
[Result "0-1"]
[BlackElo "2550"]
[BlackFideId "5011132"]
[BlackTitle "GM"]
[EventDate "2018.12.30"]
[WhiteElo "2378"]
[WhiteFideId "5073421"]

1. e4 e6 2. d4 a6 3. Nf3 d5 4. Nbd2 dxe4 5. Nxe4 Nf6 6. Bd3 Nbd7 7. Ng3 b5
8. O-O Bb7 9. a4 b4 10. a5 Be7 11. Re1 O-O 12. Qe2 c5 13. Bc4 Bxf3 14. Qxf3 cxd4
15. Bf4 Re8 16. h4 Rc8 17. b3 Rc5 18. Bxa6 Rxa5 19. Bc4 Qa8 20. Rxa5 Qxa5
21. h5 h6 22. Qc6 Qc5 23. Qb7 Bd6 24. Bxd6 Qxd6 25. Ra1 Qb6 26. Ra7 Qxb7
27. Rxb7 Rb8 28. Ra7 Ne5 29. Bf1 Rc8 30. f4 Neg4 31. f5 Ne3 32. fxe6 fxe6
33. Bd3 Kf8 34. Ne2 e5 35. Ng3 Nfd5 36. Bg6 Ne7 37. Be4 Nxc2 38. Nf5 Nxf5
39. Bxf5 Rc3 40. Bg6 d3 41. Rf7+ Ke8 42. Rf5+ Kd7 43. Rxe5 Kd6 44. Re8 Nd4
45. Rd8+ Ke5 46. Re8+ Kf6 47. Rd8 d2 48. Rxd4 Rc1+ 49. Kf2 d1=Q 50. Rxd1 Rxd1
51. Ke2 Rd4 52. Ke3 Rg4 53. Be4 Kg5 54. Bf3 Rg3 55. Kd4
0-1

[Event "30th Roquetas de Mar Open"]
[Site "Roquetas de Mar ESP"]
[Date "2019.01.06"]
[Round "8.18"]
[White "Tejedor Fuentes,E"]
[Black "Sanchez Jerez,E"]
[Result "1-0"]
[BlackElo "2193"]
[BlackFideId "2256088"]
[BlackTitle "FM"]
[EventDate "2019.01.02"]
[WhiteElo "2428"]
[WhiteFideId "2299100"]
[WhiteTitle "FM"]

1. d4 e6 2. Nf3 a6 3. e4 d5 4. exd5 exd5 5. Bd3 c5 6. O-O c4 7. Re1+ Be7
8. Bf1 Nc6 9. b3 cxb3 10. axb3 Nf6 11. Bd3 O-O 12. c3 Bg4 13. h3 Bh5 14. Bf4 Re8
15. Nbd2 Bd6 16. Rxe8+ Nxe8 17. Be3 Nc7 18. Qc2 Bg6 19. Re1 Qf6 20. g3 b5
21. b4 a5 22. bxa5 Rxa5 23. Nh4 Bxd3 24. Qxd3 Ra3 25. Qc2 g6 26. Ndf3 Qd8
27. Bg5 Qa8 28. Qc1 Qa5 29. Bd2 Qa4 30. Bf4 Bxf4 31. Qxf4 Ne6 32. Rxe6 fxe6
33. Ng5 Qa7 34. Nxe6 Qf7 35. Qd6 Ra2 36. Nf4 g5 37. Qxc6 gxf4 38. Qc8+ Qf8
39. Qg4+ Kh8 40. Qh5 Qf6 41. Qe8+ Kg7 42. Qd7+ Kf8 43. Qxh7 fxg3 44. Ng6+ Ke8
45. Qg8+ Kd7 46. Qxd5+ Kc7 47. Qxa2 gxf2+ 48. Qxf2 Qxg6+ 49. Kh2 Kb6 50. h4 Qd3
51. d5+ Ka6 52. Qf6+ Ka5 53. Qe5 Qf3 54. h5 Qf2+ 55. Kh3 Qf3+ 56. Kh4 Qf2+
57. Kg5 Qd2+ 58. Kg6 Qc2+ 59. Kh6 Qd2+ 60. Kg7 Qg2+ 61. Kf7 Qf2+ 62. Ke8 Qc5
63. h6 Qc8+ 64. Ke7 Qb7+ 65. Kf6 Qh7 66. Qg5 Qh8+ 67. Qg7 Qd8+ 68. Qe7 Qh8+
69. Qg7 Qd8+ 70. Ke5 Qb6 71. h7 Qe3+ 72. Kf5 Qh3+ 73. Ke4 Qh4+ 74. Ke5 Qh2+
75. Ke6 Qh3+ 76. Kd6 Qh2+ 77. Kc6
1-0

[Event "ch-East Asia 2019"]
[Site "Ulaanbaatar MGL"]
[Date "2019.04.10"]
[Round "4.9"]
[White "Itgelt,Khuyagtsogt"]
[Black "Tran,Minh Thang"]
[Result "1-0"]
[BlackElo "2349"]
[BlackFideId "12401080"]
[BlackTitle "IM"]
[EventDate "2019.04.07"]
[WhiteElo "2056"]
[WhiteFideId "4902912"]

1. d4 a6 2. e4 e6 3. Nf3 d5 4. Nc3 Bb4 5. e5 Ne7 6. a3 Bxc3+ 7. bxc3 c5 8. h4 h5
9. Bd3 Bd7 10. a4 Qa5 11. Bd2 c4 12. Bf1 Bxa4 13. Qc1 Qb5 14. g3 Qd7 15. Bh3 Bc6
16. Ng5 a5 17. Qd1 a4 18. Bc1 Na6 19. Ba3 Nc7 20. Rb1 Nb5 21. Rxb5 Bxb5
22. Qf3 Nc8 23. g4 Na7 24. gxh5 Bc6 25. Rg1 Nb5 26. h6 Rxh6 27. Nxe6 Rxe6
28. Rxg7 O-O-O 29. Rxf7 Nxa3 30. Rxd7 Bxd7 31. Qxd5 Rc6 32. e6 Bxe6
33. Bxe6+ Kc7 34. Qa5+ b6 35. Qa7+ Kd6 36. d5 Nb5 37. Qb7 Rc7 38. Qxb6+ Ke5
39. Qxb5 Ra8 40. d6+
1-0

[Event "9th Split Open 2019"]
[Site "Split CRO"]
[Date "2019.08.06"]
[Round "4.8"]
[White "Beerdsen,Thomas"]
[Black "Levacic,P"]
[Result "1-0"]
[WhiteTitle "IM"]
[BlackTitle "IM"]
[WhiteElo "2491"]
[BlackElo "2253"]
[WhiteFideId "1030108"]
[BlackFideId "14501678"]
[EventDate "2019.08.03"]

1. e4 e6 2. d4 a6 3. Nf3 d6 4. Nc3 Ne7 5. Bd3 g6 6. h4 h6 7. Be3 Nd7 8. Qe2 b5
9. a4 b4 10. Nb1 Bb7 11. Nbd2 Bg7 12. Nf1 c5 13. Ng3 Qc7 14. O-O cxd4 15. Bxd4
e5 16. Be3 Nc5 17. Qd2 a5 18. Bb5+ Kf8 19. Bxc5 Qxc5 20. Rad1 Rd8 21. h5 gxh5
22. Rfe1 Rg8 23. Re3 Ng6 24. Rd3 d5 25. Nxh5 d4 26. Re1 Qc8 27. Nh2 Ke7 28. Rg3
Qe6 29. b3 Qd6 30. Bc4 Bc8 31. Ng4 Nf4 32. Nxf4 exf4 33. e5 Qg6 34. Qxf4 Qf5 35.
Qd2 Bb7 36. e6 f6 37. Nxh6 Bxh6 38. Qxh6 Rxg3 39. fxg3 Rg8 40. Rf1 Qg5 41. Qh7+
Rg7 42. Qf5 Qxf5 43. Rxf5 Rxg3 44. Rxa5 Rxg2+ 45. Kf1 Rg7 46. Ke2 Kd6 47. Kd3
Rg4 48. Ra7 Be4+ 49. Kxd4 Bd5+ 50. Kd3 Rg3+ 51. Kd2 Rg2+ 52. Kc1 Bxc4 53. bxc4
Kc5 54. e7 Re2 55. Rc7+ Kb6 56. Rd7 Kc6 57. Rd5 Rxe7 58. Kb2 Rf7 59. Rf5 Kd6 60.
Kb3 Ke6 61. Rf1 f5 62. Kxb4 Rb7+ 63. Kc3 Ra7 64. Ra1 f4 65. Kd4 Kd6 66. a5 f3
67. Ke3 Rf7 68. Kf2 Kc5 69. a6 Ra7 70. Ra4 1-0

[Event "1st Niteroi Chess Open"]
[Site "Niteroi BRA"]
[Date "2019.09.05"]
[Round "2.18"]
[White "Terao,J"]
[Black "Rodrigues,Ne"]
[Result "1-0"]
[WhiteTitle "FM"]
[WhiteElo "2211"]
[BlackElo "1910"]
[WhiteFideId "2109220"]
[BlackFideId "2116430"]
[EventDate "2019.09.04"]

1. e4 e6 2. d4 a6 3. Nf3 d5 4. Nbd2 c5 5. c3 Nc6 6. Bd3 cxd4 7. cxd4 dxe4 8.
Nxe4 Be7 9. O-O Nf6 10. Bf4 O-O 11. Nc3 Nb4 12. Bb1 b6 13. a3 Nbd5 14. Be5 Bb7
15. Qd3 g6 16. Re1 Rc8 17. Ne2 b5 18. h4 Ng4 19. h5 Ndf6 20. hxg6 hxg6 21. Nf4
Be4 22. Qd1 Bxb1 23. Qxb1 Kg7 24. Ng5 Nxe5 25. Ngxe6+ fxe6 26. Nxe6+ Kh7 27.
Nxd8 Rcxd8 28. Rxe5 Bd6 29. Re6 Kg7 30. Qe1 Rf7 31. Rc1 Bf4 32. Rd1 a5 33. Qxa5
Rd5 34. Qa8 Rh5 35. Qc6 Bh2+ 36. Kf1 Rf5 37. Ke2 Rc7 38. Qb6 Rc2+ 39. Kd3 Rc8
40. Qb7+ Rc7 41. Re7+ Rxe7 42. Qxe7+ Kg8 43. Rc1 Nh7 44. Rh1 Rh5 45. Qe6+ Kg7
46. Rxh2 1-0

[Event "2020-european-online-blitz-chess-championship"]
[White "Murzin, Volodar"]
[Black "Owczarzak, Jerzy"]
[WhiteFideId "44155573"]
[BlackFideId "1114310"]
[WhiteElo "2465"]
[BlackElo "2326"]
[Result "1-0"]
[Round "05"]
[Date "Fri Dec 18 2020"]
[WhiteClock "0:00:02"]
[BlackClock "0:00:03"]


1. e4 {[%clk 0:00:02]}  e6 {[%clk 0:00:03]} 2. d4 {[%clk 0:00:02]}  a6 {[%clk 0:00:03]} 3. Nf3 {[%clk 0:00:02]}  b5 {[%clk 0:00:03]} 4. Bd3 {[%clk 0:00:02]}  Nf6 {[%clk 0:00:03]} 5. O-O {[%clk 0:00:02]}  c5 {[%clk 0:00:03]} 6. c3 {[%clk 0:00:02]}  d5 {[%clk 0:00:03]} 7. e5 {[%clk 0:00:02]}  Nfd7 {[%clk 0:00:03]} 8. Be3 {[%clk 0:00:02]}  Nc6 {[%clk 0:00:03]} 9. Nbd2 {[%clk 0:00:02]}  Be7 {[%clk 0:00:03]} 10. Rc1 {[%clk 0:00:02]}  h6 {[%clk 0:00:03]} 11. Bb1 {[%clk 0:00:02]}  Qb6 {[%clk 0:00:03]} 12. Re1 {[%clk 0:00:02]}  a5 {[%clk 0:00:03]} 13. Nf1 {[%clk 0:00:02]}  b4 {[%clk 0:00:03]} 14. c4 {[%clk 0:00:02]}  dxc4 {[%clk 0:00:03]} 15. Ng3 {[%clk 0:00:02]}  cxd4 {[%clk 0:00:03]} 16. Nxd4 {[%clk 0:00:02]}  Nxd4 {[%clk 0:00:03]} 17. Bxd4 {[%clk 0:00:02]}  Qb5 {[%clk 0:00:03]} 18. Nh5 {[%clk 0:00:02]}  Bb7 {[%clk 0:00:03]} 19. Qg4 {[%clk 0:00:02]}  O-O-O {[%clk 0:00:03]} 20. a4 {[%clk 0:00:02]}  Qxa4 {[%clk 0:00:03]} 21. Ba7 {[%clk 0:00:02]}  Bd5 {[%clk 0:00:03]} 22. Nf4 {[%clk 0:00:02]}  Kb7 {[%clk 0:00:03]} 23. Bd4 {[%clk 0:00:02]}  Qc6 {[%clk 0:00:03]} 24. Nxd5 {[%clk 0:00:02]}  exd5 {[%clk 0:00:03]} 25. e6 {[%clk 0:00:02]} 1-0